Statistiken für Die 10 Erfolgreichsten Nintendo 3DS Spiele

Klicken Sie hier um das Quiz zu spielen!

Allgemein

  • Dieses Quiz wurde 144 mal gespielt
  • Das Durchschnittsergebnis liegt bei 4 aus 10

Antwortstatistiken

PlatzSpielverkaufte EinheitenJahr% Korrekt
1Mario Kart 718,98 Millionen2011
75%
3Pokemon Sonne und Mond16,30 Millionen2016
55%
2Pokemon X und Y16,68 Millionen2013
52%
7Super Mario 3D Land12,87 Millionen2011
51%
5New Super Mario Bros. 213,41 Millionen2012
46%
6Animal Crossing: New Leaf13,04 Millionen2012
42%
8Super Smash Bros. for Nintendo 3DS9,64 Millionen2014
42%
4Pokemon Omega Rubin und Alpha Saphir14,57 Millionen2014
36%
9Pokemon Ultrasonne und Ultramond9,15 Millionen2017
33%
10Yo-Kai Watch 27,30 Millionen2014
2%

Verteilung der Resultate

Perzentil nach korrekt beantworteten Fragen

Anzahl Personen mit jedem Resultat

Ihre Resultats-Entwicklung

Sie haben dieses Quiz noch nicht gespielt